000 00665nam a2200205 i 4500
001 143317
003 ES-MaACL
005 20250823103314.0
007 t|
008 070214s1905 sp |||| | spa d
100 1 _aSerrano y Aguado, Gregorio F.
_9132671
245 1 0 _aImpugnación a un P. benedictino de Silos (Burgos)
_b: [sobre música religiosa] /
_cGregorio F. Serrano y Aguado.
260 _aToledo :
_b[s. n.],
_c1905 (
_fJ. Pelèz)
300 _a63 p. ;
_c19 cm.
650 4 _aCanto gregoriano.
_910754
650 0 4 _aMúsica religiosa
_915417
852 _aES-MaACL
_j1676-F-11
852 _aES-MaACL
_jT-1375-F-3
999 _c143317
_d143317